LEC MVP - Statistiques

Statistiques générales
  • Ce quiz a été pris 134 fois
  • Le résultat moyen est 10 sur 20
Statistiques - réponses
Réponse % Correct
Caps
98%
G2
83%
Rekkles
83%
Fnatic
81%
MAD Lions
74%
Rogue
73%
Mikyx
72%
Nisqy
70%
Jankos
68%
Vetheo
54%
YellowStar
49%
Misfits
44%
Alliance
39%
Inspired
28%
SK Gaming
28%
Trick
28%
Froggen
22%
Unicorns Of Love
18%
FORG1VEN
17%
Vizicsacsi
7%
Aucun quiz correspondant
Distribution des résultats
% des personnes avec chaque résultat
Percentile par nombre de réponses
Votre historique - résultats
Vous n’avez pas pris ce quiz